000 00512nam a2200181Ia 4500
999 _c28019
_d28019
003 OSt
005 20201110144000.0
008 190216s9999||||xx |||||||||||||| ||und||
020 _a9788171301201
040 _coclc
082 _a894.8123
_bBAN/G
100 _aBannerji, Tarasankar
_96313
245 0 _aGanadevata /
_cTarasankar Bannerji
260 _bDc Books,
_c1998.
_aKottayam:
300 _a516p
650 _aMalayalam Novel
942 _cBK
_2ddc
_h894.8123
_iBAN/G
_k894.8123
_mBAN/G